China-América Latina: una relación económica diferenciada /
Los intercambios comerciales entre China y América Latina crecieron espectacularmente en los úlitmos años, pero esto no afectó de la misma forma a todos los países. El primer caso es el de Venezuela que exporta a China petróleo, clave para sostener el despegue industrial. Por otro lado, los producto...
Salvato in:
| Autore principale: | |
|---|---|
| Natura: | testo |
| Soggetti: | |
| Tags: |
Aggiungi Tag
Nessun Tag, puoi essere il primo ad aggiungerne!!
|
MARC
| LEADER | 00000 a a2200000 04500 | ||
|---|---|---|---|
| 001 | 10812 | ||
| 003 | |||
| 040 | |||
| 100 | |a León - Manríquez, José Luis | ||
| 245 | |a China-América Latina: |b una relación económica diferenciada / |c José Luis León - Manríquez | ||
| 500 | |a Resumen también en inglés páginas 180 | ||
| 520 | |a Los intercambios comerciales entre China y América Latina crecieron espectacularmente en los úlitmos años, pero esto no afectó de la misma forma a todos los países. El primer caso es el de Venezuela que exporta a China petróleo, clave para sostener el despegue industrial. Por otro lado, los productores de materias primas y alimentos - Brasil, Argentina y Perú - se han beneficiado gracias a los saldos positivos y el aumento de la inversión directa. Finalmente, México y Centroamérica se han visto perjudicados por las importaciones de productos manufacturados y están siendo desplezados del mercado de Estados Unidos | ||
| 650 | |a RELACIONES ECONOMICAS | ||
| 650 | |a COMERCIO EXTERIOR | ||
| 650 | |a PETROLEO | ||
| 650 | |a MATERIAS PRIMAS | ||
| 650 | |a AMERICA LATINA | ||
| 650 | |a CHINA | ||
| 773 | |g número 203; páginas 28-47 | ||
| 999 | |c 34546 |d 34546 | ||
